00409nam a2200145Ia 4500008004100000020001800041082001500059100002300074245006700097250000800164260003900172300001000211600002100221650002100242241115s9999 xx 000 0 und d a0-07-049549-1 a005.73 LIP aLipschutz, Seymour 0aSchaum's Outline Series Theory and Problems of Data Structures a.NA aLahore:bJhangir Book Depot,c1986 a344p. aComputer Science aComputer Science